000 00421nam a2200181Ia 4500
001 13698
005 20260306164820.0
008 260306t1998||||xx |||||||||||||| ||spa||
041 _aESP
082 _aS 005.131
_bV39
100 _aVega P., Augusto L.
_eAUT
245 0 _aCurso de Pascal
260 _c1998
300 _axii, 447 páginas :
_c23 cm.
650 _aGEN
654 _aCCC
942 _cLIB
_dJUS
_fJUS
_2ddc
_n
999 _c13698
_d13698